Hướng dẫn bài bản quảng cáo Google Adwords Cách tiếp cận 100 triệu người trong 10 phút
保存先:
| その他の著者: | , , , |
|---|---|
| フォーマット: | 図書 |
| 出版事項: |
Hà Nội
Hồng Đức
2020
|
| シリーズ: | Ultimate guide series
|
| 主題: | |
| タグ: |
タグ追加
タグなし, このレコードへの初めてのタグを付けませんか!
|
| Thư viện lưu trữ: | Trung tâm Học liệu Lê Vũ Hùng, Trường Đại học Đồng Tháp |
|---|
| LEADER | 01020pam a22003018a 4500 | ||
|---|---|---|---|
| 001 | 00046036 | ||
| 005 | 20201130151132.0 | ||
| 008 | 170516s2006 ||||||Viesd | ||
| 020 | # | # | |c 206000 |a 9786049953071 |
| 041 | 0 | # | |a Vie |
| 082 | 1 | # | |a 658.8 |b H561D |
| 245 | 0 | 0 | |b Cách tiếp cận 100 triệu người trong 10 phút |a Hướng dẫn bài bản quảng cáo Google Adwords |c Perry Marshall, Mike Rhode, Bryan Todd ; Thủy Tiên (dịch) |
| 260 | # | # | |a Hà Nội |b Hồng Đức |c 2020 |
| 300 | # | # | |a 463 tr. |c 24 cm |
| 490 | # | # | |a Ultimate guide series |
| 653 | # | # | |a Google Adwords |
| 653 | # | # | |a Doanh nghiệp |
| 653 | # | # | |a Hướng dẫn |
| 653 | # | # | |a Thành công |
| 653 | # | # | |a Quảng cáo |
| 653 | # | # | |a Kinh doanh |
| 700 | # | # | |a Thủy Tiên |e Dịch |
| 700 | 1 | # | |a Marshall, Perry |
| 700 | 1 | # | |a Todd, Bryan |
| 700 | 1 | # | |a Rhode, Mike |
| 852 | # | # | |j KD.0027579 |
| 910 | # | # | |d 30/11/2020 |
| 980 | # | # | |a Trung tâm Học liệu Lê Vũ Hùng, Trường Đại học Đồng Tháp |


